Φορτώνει......
Mathematical Models in Psychology ; an Introduction
| Κύριος συγγραφέας: | |
|---|---|
| Μορφή: | Printed Book |
| Έκδοση: |
England;
Penguin Books Ltd;
1971
|
| Θέματα: |
| LEADER | 00528nam a22001457a 4500 | ||
|---|---|---|---|
| 020 | |a 0 14 080 225 8 | ||
| 082 | |a 150 |b RES/M L1 | ||
| 100 | |a Restle, Frank |9 309644 | ||
| 245 | |a Mathematical Models in Psychology ; an Introduction | ||
| 260 | |a England; |b Penguin Books Ltd; |c 1971 | ||
| 300 | |a 158p. | ||
| 650 | |a English; Psychology |9 309645 | ||
| 942 | |c BK | ||
| 999 | |c 72333 |d 72333 | ||
| 952 | |0 0 |1 0 |4 0 |6 150_000000000000000_RES_M_L1 |7 0 |8 Psycology |9 85412 |a MAL |b MAL |d 2017-01-11 |e 20592 |g 50.00 |l 0 |o 150 RES/M L1 |p MAL020592 |r 2017-01-11 |t 1 |w 2017-01-11 |y BK | ||